000 00588nam a2200229Ia 4500
003 OSt
005 20220928103053.0
006 a|||||r|||| 00| 0
007 ta
008 220927b |||||||| |||| 00| 0 eng d
024 _a107958
037 _cTextual
040 _aSDCL
_cSDCL
_beng
041 _2eng
_aeng
082 _a4.3'N7, M0
100 _aMcDougall Ian
_9402071
245 0 _aForiegn correspondent.
260 _aLondon
_bFrederick Muller Ltd
_c1980
300 _a196p.
_ccm.
942 _h4.3'N7, M0
_cTEXL
_2CC
999 _c717913
_d717913